zpět

Detail výsledku týmu

Bohemia Café, Česká Lípa

Datum a čas kvízu

27 Celkem bodů Celkový počet nahraných bodů na tomto kvízu bez doplňovacích otázek.
7. Pořadí na kvízu Konečné umístění týmu na tomto kvízu.

Zaznamenané odpovědi

# Otázka Odpověď Body Výsledky
1. Možný budoucí premiér Andrej B... 1B 2C 3D 4A 0
2. V Severní Koreji zavedli nový... ruský jazyk 0
3. Která televizní stanice letos... TV Seznam 0
4. Která automobilka představila... Škoda Auto 1
5. V sobotu začala nová biatlonov... v Östersundu 1
6. Seřaďte tyto ostrovy dle rozlo... 1D 2B 3A 4C 0
7. Nyní přiřaďte ostrovy ke států... 1D 2B 3C 4A 1
8. Kterému ostrovnímu středomořsk... Malta 0
9. Nyní si odskočíme ke kinematog... Řek Zorba, Anthony Quinn 0
10. Ke kterému středomořskému ostr... Elba 0